Normal view
MARC view
- Legal stories
Entry Genre/Form Term
001 - CONTROL NUMBER
- control field: 85403
003 - CONTROL NUMBER IDENTIFIER
- control field: NUST
005 - DATE AND TIME OF LATEST TRANSACTION
- control field: 20211201150426.0
008 - FIXED-LENGTH DATA ELEMENTS
- fixed length control field: 211201|| aca||aabn | a|a d
040 ## - CATALOGING SOURCE
- Original cataloging agency: NUST
- Transcribing agency: NUST
155 ## - HEADING--GENRE/FORM TERM
- Genre/form term: Legal stories
670 ## - SOURCE DATA FOUND
- Source citation: Work cat.: (NUST)0: Cecil, Henry, 1902-1976. 85402, The wanted man., [1972]
